000 00750nam a22001817a 4500
999 _c178267
_d178267
005 20210324112105.0
010 _aENG-129274
020 _a978-93-83959-98-3
_c299.00
035 _aEN-112806
037 _bDBAD/PUB
082 _a882.08
100 _aM. Neeraja
245 _aThe Evolution of the Dramatic art of W. Somerset Maugham: a study of his selected plays/
_cM. Neeraja
260 _aHyderabad
_bSeven Hills International Publishers
_c2014
270 _bHyderabad
_e500038
_a3326/C, Level-4, Surneni Nilayam, Near B K Gupta Park, S R Nagar
_k91 40 23710657, 238000657
_l91 40 23810657
_mstudentshelpline.in@gmail.com
300 _avi+186p.
_c24cm(pbk)
_bIncluding bibliographical references.
942 _2ddc
_cEN
_h882.08
_mMNE